<?xml version="1.0" encoding="UTF-8"?>
<record
    xmlns:xsi="http://www.w3.org/2001/XMLSchema-instance"
    xsi:schemaLocation="http://www.loc.gov/MARC21/slim http://www.loc.gov/standards/marcxml/schema/MARC21slim.xsd"
    xmlns="http://www.loc.gov/MARC21/slim">

  <leader>02357njm a2200385Ia 4500</leader>
  <controlfield tag="001">27354</controlfield>
  <controlfield tag="003">IT-RoPAU</controlfield>
  <controlfield tag="005">20220918181207.0</controlfield>
  <controlfield tag="008">131025s9999    xx            000 0 und d</controlfield>
  <datafield tag="040" ind1=" " ind2=" ">
    <subfield code="a">IT-RoPAU</subfield>
  </datafield>
  <datafield tag="040" ind1=" " ind2=" ">
    <subfield code="c">IT-RoPAU</subfield>
  </datafield>
  <datafield tag="999" ind1=" " ind2=" ">
    <subfield code="c">103590</subfield>
    <subfield code="d">103590</subfield>
  </datafield>
  <datafield tag="999" ind1=" " ind2=" ">
    <subfield code="b">n.d.</subfield>
  </datafield>
  <datafield tag="100" ind1=" " ind2=" ">
    <subfield code="a">AA.VV.</subfield>
    <subfield code="9">794</subfield>
  </datafield>
  <datafield tag="100" ind1=" " ind2=" ">
    <subfield code="e">Autore musica</subfield>
    <subfield code="9">17764</subfield>
  </datafield>
  <datafield tag="100" ind1=" " ind2=" ">
    <subfield code="g">Codice autore musica SPICS: 12000</subfield>
    <subfield code="9">796</subfield>
  </datafield>
  <datafield tag="245" ind1=" " ind2=" ">
    <subfield code="a">Classic in spot-I grandi temi di musica classica in tv</subfield>
  </datafield>
  <datafield tag="250" ind1=" " ind2=" ">
    <subfield code="a">1a ed.</subfield>
  </datafield>
  <datafield tag="260" ind1=" " ind2=" ">
    <subfield code="a">MILANO</subfield>
  </datafield>
  <datafield tag="260" ind1=" " ind2=" ">
    <subfield code="b">FIVE RECORD</subfield>
    <subfield code="c">1984 [1a Ed.:1984]</subfield>
  </datafield>
  <datafield tag="300" ind1=" " ind2=" ">
    <subfield code="a">DISCO</subfield>
  </datafield>
  <datafield tag="300" ind1=" " ind2=" ">
    <subfield code="c">43 minuti (Testo:  pag.)</subfield>
  </datafield>
  <datafield tag="500" ind1=" " ind2=" ">
    <subfield code="a">Musica classica negli spot pubblicitari televisivi. Musica in pubblicit&#xE0;. Busch Helga: pianoforte; Petrov Igor: violino</subfield>
  </datafield>
  <datafield tag="505" ind1=" " ind2=" ">
    <subfield code="a">Sogno d'amore (5:00) - Romanza n 2 per violino e orchestra (4:00) - Sinfonia n. 6 "Patetica" (5:00) - Concerto n 21 per pianoforte e orchestra (4:00) - Coriolano (4:00) - Il mattino (4:00) - Concerto n. 1 per pianoforte e orchestra (4:00) - Sinfonia n. 6 "Pastorale" (5:00) - Mormorio di primavera (3:00) - Concerto per violino e orchestra (5:00) - La grande porta di Kiev-Da quadri d'una esposizione (2:00) </subfield>
  </datafield>
  <datafield tag="511" ind1=" " ind2=" ">
    <subfield code="a">Manhattan Festival Orchestra diretta da Lensky Arthur</subfield>
  </datafield>
  <datafield tag="650" ind1=" " ind2=" ">
    <subfield code="a">COLONNA SONORA [DISCHI]</subfield>
    <subfield code="e">Codice MATERIA SPICS: 9950</subfield>
    <subfield code="9">17765</subfield>
  </datafield>
  <datafield tag="700" ind1=" " ind2=" ">
    <subfield code="a">Liszt Franz</subfield>
    <subfield code="d">Codice autore musica SPICS: 10789</subfield>
    <subfield code="e">Autore musica</subfield>
    <subfield code="p">Sogno d'amore</subfield>
    <subfield code="9">17767</subfield>
  </datafield>
  <datafield tag="700" ind1=" " ind2=" ">
    <subfield code="a">Beethoven Ludwig Van</subfield>
    <subfield code="d">Codice autore musica SPICS: 10721</subfield>
    <subfield code="e">Autore musica</subfield>
    <subfield code="p">Romanza n 2 per violino e orchestra - Coriolano - Sinfonia n. 6 "Pastorale"</subfield>
    <subfield code="9">17768</subfield>
  </datafield>
  <datafield tag="700" ind1=" " ind2=" ">
    <subfield code="a">Cajkovskij Petr Llijch</subfield>
    <subfield code="d">Codice autore musica SPICS: 10808</subfield>
    <subfield code="e">Autore musica</subfield>
    <subfield code="p">Sinfonia n. 6 "Patetica" - Concerto n. 1 per pianoforte e orchestra - Concerto per violino e orchestra</subfield>
    <subfield code="9">17769</subfield>
  </datafield>
  <datafield tag="700" ind1=" " ind2=" ">
    <subfield code="a">Mozart Wolfgang Amadeus</subfield>
    <subfield code="d">Codice autore musica SPICS: 3486</subfield>
    <subfield code="e">Autore musica</subfield>
    <subfield code="p">Concerto n 21 per pianoforte e orchestra</subfield>
    <subfield code="9">17770</subfield>
  </datafield>
  <datafield tag="700" ind1=" " ind2=" ">
    <subfield code="a">Grieg Edward</subfield>
    <subfield code="d">Codice autore musica SPICS: 10671</subfield>
    <subfield code="e">Autore musica</subfield>
    <subfield code="p">Il mattino</subfield>
    <subfield code="9">17771</subfield>
  </datafield>
  <datafield tag="700" ind1=" " ind2=" ">
    <subfield code="a">Sinding C.</subfield>
    <subfield code="d">Codice autore musica SPICS: 13125</subfield>
    <subfield code="e">Autore musica</subfield>
    <subfield code="p">Mormorio di primavera</subfield>
    <subfield code="9">17772</subfield>
  </datafield>
  <datafield tag="700" ind1=" " ind2=" ">
    <subfield code="a">Musorgskij Modest</subfield>
    <subfield code="d">Codice autore musica SPICS: 3431</subfield>
    <subfield code="e">Autore musica</subfield>
    <subfield code="9">17773</subfield>
  </datafield>
  <datafield tag="700" ind1=" " ind2=" ">
    <subfield code="a">Ravel Maurice</subfield>
    <subfield code="d">Codice autore SPICS: 2180</subfield>
    <subfield code="e">Autore</subfield>
    <subfield code="p">La grande porta di Kiev-Da quadri d'una esposizione</subfield>
    <subfield code="9">17774</subfield>
  </datafield>
  <datafield tag="942" ind1=" " ind2=" ">
    <subfield code="c">MD</subfield>
    <subfield code="2">ddc</subfield>
  </datafield>
  <datafield tag="952" ind1=" " ind2=" ">
    <subfield code="0">0</subfield>
    <subfield code="1">0</subfield>
    <subfield code="4">0</subfield>
    <subfield code="6">27354_000000000000000</subfield>
    <subfield code="7">1</subfield>
    <subfield code="a">SPICS</subfield>
    <subfield code="b">SPICS</subfield>
    <subfield code="d">2013-10-25</subfield>
    <subfield code="l">0</subfield>
    <subfield code="o">27354</subfield>
    <subfield code="r">2013-10-25 00:00:00</subfield>
    <subfield code="w">2013-10-25</subfield>
    <subfield code="y">MD</subfield>
    <subfield code="z">Progr. Ins.: 6911 / N.Vol.: 1 / Copie: 1 - Copia rara: n.d. / date import: 01.01.2014 - By Epidotti, Trombetti, Vaglietti</subfield>
  </datafield>
</record>
